Click a Name, Make a Word Quiz Stats

 Plays Quiz Updated Oct 7, 2015

Score 0/20 Timer 05:00
0 Plays Today
% Correct
Dan
91.9%
Lee
90.9%
Alice
90.1%
Luke
89.2%
Clair
88.3%
Ken
86.3%
Bill
84.3%
Ian
84.2%
Mary
83.9%
Peter
83.8%
% Correct
Pam
83.2%
Jack
82.3%
Stan
81%
Kate
76%
Liam
72.5%
Lara
70.9%
Leo
60.6%
Jon
57.8%
Brian
57.2%
Marty
50.1%

You're not logged in!

Compare scores with friends on all Sporcle quizzes.
OR
Log In

Show Comments

Extras

Top Quizzes Today


Score Distribution

Your Account Isn't Verified!

In order to create a playlist on Sporcle, you need to verify the email address you used during registration. Go to your Sporcle Settings to finish the process.

Report this User

Report this user for behavior that violates our Community Guidelines.

Details: